000 00421nam a2200145Ia 4500
008 220216s9999 xx 000 0 und d
100 _aHeping Y
_cet al
245 0 _aPreparation of constatn viscosity natural rubber with mercaptan
260 _bKautschuk Gummi Kunststoffe
_c2011
300 _a30-34
650 _aConstant viscosity natural rubber
650 _aMercaptan
650 _aStorage hardening
942 _cJS
999 _c65585
_d65585